<?xml version="1.0" encoding="UTF-8"?>
<record
    xmlns:xsi="http://www.w3.org/2001/XMLSchema-instance"
    xsi:schemaLocation="http://www.loc.gov/MARC21/slim http://www.loc.gov/standards/marcxml/schema/MARC21slim.xsd"
    xmlns="http://www.loc.gov/MARC21/slim">

  <leader>02735cam a2200457 i 4500</leader>
  <controlfield tag="001">9385381</controlfield>
  <controlfield tag="005">20220326193353.0</controlfield>
  <controlfield tag="008">111228s2012    txu      b    001 0 eng  </controlfield>
  <datafield tag="010" ind1=" " ind2=" ">
    <subfield code="a">  2011053252</subfield>
  </datafield>
  <datafield tag="020" ind1=" " ind2=" ">
    <subfield code="a">9780300146974 (hardback)</subfield>
  </datafield>
  <datafield tag="020" ind1=" " ind2=" ">
    <subfield code="a">0300146973 (hardback)</subfield>
  </datafield>
  <datafield tag="035" ind1=" " ind2=" ">
    <subfield code="a">(OCoLC)ocn711045555</subfield>
  </datafield>
  <datafield tag="035" ind1=" " ind2=" ">
    <subfield code="a">(OCoLC)711045555</subfield>
  </datafield>
  <datafield tag="035" ind1=" " ind2=" ">
    <subfield code="a">(NNC)9385381</subfield>
  </datafield>
  <datafield tag="040" ind1=" " ind2=" ">
    <subfield code="a">DLC</subfield>
    <subfield code="e">rda</subfield>
    <subfield code="b">eng</subfield>
    <subfield code="c">DLC</subfield>
    <subfield code="d">YDX</subfield>
    <subfield code="d">BTCTA</subfield>
    <subfield code="d">ERASA</subfield>
    <subfield code="d">BDX</subfield>
    <subfield code="d">YDXCP</subfield>
    <subfield code="d">SMI</subfield>
    <subfield code="d">BWX</subfield>
  </datafield>
  <datafield tag="042" ind1=" " ind2=" ">
    <subfield code="a">pcc</subfield>
  </datafield>
  <datafield tag="043" ind1=" " ind2=" ">
    <subfield code="a">cl-----</subfield>
    <subfield code="a">n-us---</subfield>
  </datafield>
  <datafield tag="082" ind1="0" ind2="0">
    <subfield code="a">709.8</subfield>
    <subfield code="b">M986c</subfield>
  </datafield>
  <datafield tag="100" ind1=" " ind2=" ">
    <subfield code="a">Ram&#xED;rez, Mari Carmen,</subfield>
    <subfield code="9">1764</subfield>
  </datafield>
  <datafield tag="245" ind1="0" ind2="0">
    <subfield code="a">Resisting categories :</subfield>
    <subfield code="b">Latin American and/or Latino? /</subfield>
    <subfield code="c">organized by H&#xE9;ctor Olea, Mari Carmen Ram&#xED;rez, Tom&#xE1;s Ybarra-Frausto ; with document introductions by Mar&#xED;a C. Gaztambide ; edited by H&#xE9;ctor Olea and Melina Kervandjian.</subfield>
  </datafield>
  <datafield tag="260" ind1=" " ind2=" ">
    <subfield code="a">Houston :</subfield>
    <subfield code="b">Museum Fine Arts Houston ;</subfield>
    <subfield code="a">New Haven :</subfield>
    <subfield code="b">Distributed by Yale University Press,</subfield>
    <subfield code="c">&#xA9;2012.</subfield>
  </datafield>
  <datafield tag="300" ind1=" " ind2=" ">
    <subfield code="a">1160 pages ;</subfield>
    <subfield code="c">25 cm.</subfield>
  </datafield>
  <datafield tag="490" ind1="1" ind2=" ">
    <subfield code="a">Critical documents of 20th-century Latin American and Latino art ;</subfield>
    <subfield code="v">v. I</subfield>
  </datafield>
  <datafield tag="500" ind1=" " ind2=" ">
    <subfield code="a">This book was published in conjunction with the launch of the Digital Archive of the International Center for the Arts of the Americas on January 19, 2012.</subfield>
  </datafield>
  <datafield tag="504" ind1=" " ind2=" ">
    <subfield code="a">Includes bibliographical references and index.</subfield>
  </datafield>
  <datafield tag="505" ind1=" " ind2=" ">
    <subfield code="t">"This anthology of more than 165 seminal writings by influential twentieth- and twenty-first century artists and critics who explore and challenge complex definitions of what it means to be 'Latin American' or 'Latino' is designed to be an indispensable tool for the study of Latin American and Latino art"--Provided by publisher.</subfield>
  </datafield>
  <datafield tag="520" ind1=" " ind2=" ">
    <subfield code="a">"This anthology of more than 165 seminal writings by influential twentieth- and twenty-first century artists and critics who explore and challenge complex definitions of what it means to be 'Latin American' or 'Latino' is designed to be an indispensable tool for the study of Latin American and Latino art"--Provided by publisher.</subfield>
  </datafield>
  <datafield tag="650" ind1=" " ind2="0">
    <subfield code="a">Art, Latin American.</subfield>
    <subfield code="9">1415</subfield>
  </datafield>
  <datafield tag="650" ind1=" " ind2="0">
    <subfield code="a">Hispanic American art.</subfield>
    <subfield code="9">5389</subfield>
  </datafield>
  <datafield tag="650" ind1=" " ind2="7">
    <subfield code="a">ART / Caribbean &amp; Latin American.</subfield>
    <subfield code="2">bisacsh</subfield>
    <subfield code="9">5390</subfield>
  </datafield>
  <datafield tag="650" ind1=" " ind2="7">
    <subfield code="a">SOCIAL SCIENCE / Ethnic Studies / Hispanic American Studies.</subfield>
    <subfield code="2">bisacsh</subfield>
    <subfield code="9">5391</subfield>
  </datafield>
  <datafield tag="650" ind1=" " ind2="7">
    <subfield code="a">ART / Criticism &amp; Theory.</subfield>
    <subfield code="2">bisacsh</subfield>
    <subfield code="9">5392</subfield>
  </datafield>
  <datafield tag="700" ind1="1" ind2=" ">
    <subfield code="a">Ram&#xED;rez, Mari Carmen,</subfield>
    <subfield code="d">1955-</subfield>
    <subfield code="e">editor.</subfield>
    <subfield code="9">1740</subfield>
  </datafield>
  <datafield tag="700" ind1="1" ind2=" ">
    <subfield code="a">Ybarra-Frausto, Tom&#xE1;s,</subfield>
    <subfield code="d">1938-</subfield>
    <subfield code="e">editor.</subfield>
    <subfield code="9">5393</subfield>
  </datafield>
  <datafield tag="700" ind1="1" ind2=" ">
    <subfield code="a">Olea, H&#xE9;ctor,</subfield>
    <subfield code="e">editor.</subfield>
    <subfield code="9">5394</subfield>
  </datafield>
  <datafield tag="700" ind1="1" ind2=" ">
    <subfield code="a">Gaztambide, Mar&#xED;a C.,</subfield>
    <subfield code="e">writer of added commentary.</subfield>
    <subfield code="9">5395</subfield>
  </datafield>
  <datafield tag="700" ind1="1" ind2=" ">
    <subfield code="a">Kervandjian, Melina,</subfield>
    <subfield code="e">editor.</subfield>
    <subfield code="9">5396</subfield>
  </datafield>
  <datafield tag="830" ind1=" " ind2="0">
    <subfield code="a">Critical documents of 20th-century Latin American and Latino art ;</subfield>
    <subfield code="v">v. 1.</subfield>
    <subfield code="9">5397</subfield>
  </datafield>
  <datafield tag="948" ind1="1" ind2=" ">
    <subfield code="a">20120417</subfield>
    <subfield code="b">c</subfield>
    <subfield code="c">rhg9</subfield>
    <subfield code="d">OSMC</subfield>
  </datafield>
  <datafield tag="999" ind1=" " ind2=" ">
    <subfield code="c">1006</subfield>
    <subfield code="d">1006</subfield>
  </datafield>
  <datafield tag="952" ind1=" " ind2=" ">
    <subfield code="0">0</subfield>
    <subfield code="1">0</subfield>
    <subfield code="2">ddc</subfield>
    <subfield code="4">0</subfield>
    <subfield code="7">0</subfield>
    <subfield code="a">LV</subfield>
    <subfield code="b">LV</subfield>
    <subfield code="c">Pensamiento</subfield>
    <subfield code="d">2016-08-12</subfield>
    <subfield code="l">1</subfield>
    <subfield code="o">709.8 M986c</subfield>
    <subfield code="p">004212</subfield>
    <subfield code="r">2020-02-11 00:00:00</subfield>
    <subfield code="s">2020-01-16</subfield>
    <subfield code="w">2016-08-12</subfield>
    <subfield code="y">01</subfield>
  </datafield>
</record>
